| 000 | 01830nam a2200385 i 4500 | ||
|---|---|---|---|
| 001 | ebr10959429 | ||
| 003 | CaPaEBR | ||
| 006 | m o d | ||
| 007 | cr cn||||||||| | ||
| 008 | 121107s2012 enkab ob 001 0 eng|d | ||
| 020 | _z9781780529264 (hardback : acid-free paper) | ||
| 020 | _z1780529260 (hardback : acid-free paper) | ||
| 020 | _a9789004249493 (e-book) | ||
| 040 |
_aCaPaEBR _beng _erda _epn _cCaPaEBR |
||
| 035 | _a(OCoLC)894170769 | ||
| 050 | 1 | 4 |
_aPC4074 _b.T48 2012eb |
| 082 | 0 | 4 |
_a306.44261 _223 |
| 100 | 1 |
_aThompson, Gregory L., _eauthor. |
|
| 245 | 1 | 0 |
_aSpanish in bilingual and multilingual settings around the world / _cby Gregory L. Thompson, Brigham Young University, Utah ; Edwin M. Lamboy, The City College of New York-CUNY, New York. |
| 264 | 1 |
_aLeiden ; _aBoston : _bBrill, _c2012. |
|
| 300 |
_a1 online resource (292 pages) : _billustrations, maps |
||
| 336 |
_atext _2rdacontent |
||
| 337 |
_acomputer _2rdamedia |
||
| 338 |
_aonline resource _2rdacarrier |
||
| 504 | _aIncludes bibliographical references and index. | ||
| 588 | _aDescription based on print version record. | ||
| 590 | _aElectronic reproduction. Palo Alto, Calif. : ebrary, 2014. Available via World Wide Web. Access may be limited to ebrary affiliated libraries. | ||
| 650 | 0 |
_aSpanish language _xSocial aspects. |
|
| 650 | 0 |
_aMultilingualism _xSocial aspects. |
|
| 655 | 0 | _aElectronic books. | |
| 700 | 1 |
_aLamboy, Edwin M., _d1967- _eauthor. |
|
| 776 | 0 | 8 |
_iPrint version: _aThompson, Gregory L. _tSpanish in bilingual and multilingual settings around the world. _dLeiden : Brill, 2012 _hvii, 280 pages ; 25 cm _z9781780529264 _w(OCoLC)ocn840463237 _w(DLC)10959429 |
| 797 | 2 | _aebrary. | |
| 856 | 4 | 0 |
_uhttp://site.ebrary.com/lib/rucke/Doc?id=10959429 _zAn electronic book accessible through the World Wide Web; click to view |
| 999 |
_c2124 _d2124 |
||